Electronic Instrumentation (Record no. 3482)
[ view plain ]
| 000 -LEADER | |
|---|---|
| fixed length control field | 00388nam a2200169Ia 4500 |
| 008 - FIXED-LENGTH DATA ELEMENTS--GENERAL INFORMATION | |
| fixed length control field | 221030s9999 xx 000 0 und d |
| 020 ## - INTERNATIONAL STANDARD BOOK NUMBER | |
| ISBN | 0070583706 |
| 041 ## - LANGUAGE CODE | |
| Language code of text/sound track or separate title | |
| 082 ## - DEWEY DECIMAL CLASSIFICATION NUMBER | |
| Classification number | 105.23 |
| Item number | Kal |
| 100 ## - MAIN ENTRY--AUTHOR NAME | |
| Personal name | H. S. Kalsi |
| 245 #0 - TITLE STATEMENT | |
| Title | Electronic Instrumentation |
| Statement of responsibility, etc | by H. S. Kalsi |
| 250 ## - EDITION STATEMENT | |
| Edition statement | 2nd |
| 260 ## - PUBLICATION, DISTRIBUTION, ETC. (IMPRINT) | |
| Name of publisher | TMH |
| Place of publication | New Delhi |
| Year of publication | 2006 |
| 300 ## - PHYSICAL DESCRIPTION | |
| Number of Pages | 801 |
| 650 ## - SUBJECT ADDED ENTRY--TOPICAL TERM | |
| Topical Term | ECE |
| 942 ## - ADDED ENTRY ELEMENTS (KOHA) | |
| Koha item type | Books |
| Accession Number | Cost, normal purchase price | Full call number | Price effective from | Koha item type | Withdrawn / writtenoff status | Materials specified (bound volume or other part) | Damaged status | Not for loan | Permanent Location | Current Location | Shelving location | Date acquired | Lost/ Missing status | department |
|---|---|---|---|---|---|---|---|---|---|---|---|---|---|---|
| BE 8561 | 225.00 | 105.23 Kal | 10/30/2022 | Books | Not For Loan | MIET Library, Jammu | MIET Library, Jammu | BL-Second, FL-1, CUP-75, SH-6, R-6 | 11/11/2006 | BE | ||||
| BE 8564 | 225.00 | 105.23 Kal | 10/30/2022 | Books | MIET Library, Jammu | MIET Library, Jammu | BL-Academic Block- A, FL-1, CUP-13, SH-2, R-2 | 11/11/2006 | BE | |||||
| BB 184 | 225.00 | 105.23 | 10/30/2022 | Books | MIET Library, Jammu | MIET Library, Jammu | BL-Second, FL-1, CUP-103, SH-4, R-4 | 05/03/2007 | BB | |||||
| BB 185 | 225.00 | 105.23 | 10/30/2022 | Books | MIET Library, Jammu | MIET Library, Jammu | BL-Second, FL-1, CUP-103, SH-4, R-4 | 05/03/2007 | BB | |||||
| BB 186 | 225.00 | 105.23 | 10/30/2022 | Books | MIET Library, Jammu | MIET Library, Jammu | BL-Second, FL-1, CUP-103, SH-4, R-4 | 05/03/2007 | BB | |||||
| BB 187 | 225.00 | 105.23 | 10/30/2022 | Books | MIET Library, Jammu | MIET Library, Jammu | BL-Second, FL-1, CUP-103, SH-4, R-4 | 05/03/2007 | BB | |||||
| BB 188 | 225.00 | 105.23 | 10/30/2022 | Books | MIET Library, Jammu | MIET Library, Jammu | BL-Second, FL-1, CUP-103, SH-4, R-4 | 05/03/2007 | BB | |||||
| BB 189 | 225.00 | 105.23 | 10/30/2022 | Books | MIET Library, Jammu | MIET Library, Jammu | BL-Second, FL-1, CUP-103, SH-4, R-4 | 05/04/2007 | BB | |||||
| BB 190 | 225.00 | 105.23 | 10/30/2022 | Books | MIET Library, Jammu | MIET Library, Jammu | BL-Second, FL-1, CUP-103, SH-4, R-4 | 05/04/2007 | BB | |||||
| BB 191 | 225.00 | 105.23 | 10/30/2022 | Books | MIET Library, Jammu | MIET Library, Jammu | BL-Second, FL-1, CUP-103, SH-4, R-4 | 05/04/2007 | BB | |||||
| BB 192 | 225.00 | 105.23 | 10/30/2022 | Books | MIET Library, Jammu | MIET Library, Jammu | BL-Second, FL-1, CUP-103, SH-4, R-4 | 05/04/2007 | BB | |||||
| BB 193 | 225.00 | 105.23 | 10/30/2022 | Books | MIET Library, Jammu | MIET Library, Jammu | BL-Second, FL-1, CUP-103, SH-4, R-4 | 05/04/2007 | BB | |||||
| BB 194 | 225.00 | 105.23 | 10/30/2022 | Books | MIET Library, Jammu | MIET Library, Jammu | BL-Second, FL-1, CUP-103, SH-4, R-4 | 05/04/2007 | BB |